| 000 | 00963nam a2200229Ia 4500 | ||
|---|---|---|---|
| 008 | 0000002007 usad 0000000000mul00 | ||
| 090 | _aPUS00 J12j | ||
| 245 | 1 | 0 |
_aJaime Gil _b: prime matter |
| 300 |
_a[40] p. _c/ 20 cm. |
||
| 500 | _aExposición realizada en Art Vision Gallery, Miami, 2007 / Texto bilingue: español e inglés \ Incluye cronología del artista \ Proyecto Ganador Programa Apoyos Concertados FGAA 2010 | ||
| 501 | _aPrime matter por Jaime Gil = Prime matter by Jaime Gil / José W. Pérez | ||
| 600 | 0 | 0 |
_a GIL LAFFAN, JAIME, 1962/ _xTRABAJOS PICTORICOS |
| 650 | 1 | 4 | _a PINTURA ESTADOUNIDENSE |
| 650 | 1 | 4 | _aARTE ABSTRACTO ESTADOUNIDENSE EXPOSICONES |
| 650 | 1 | 4 | _aARTISTAS PLASTICOS ESTADOUNIDENSES |
| 650 | 1 | 4 | _xCATALOGOS |
| 650 | 1 | 4 | _xEXPOSICIONES |
| 650 | 1 | 4 | _aPINTURA ABSTRACTA ESTADOUNIDENSE |
| 650 | 1 | 4 | _aPINTURA Y ARQUITECTURA |
| 700 | 1 | _aI. Pérez, José W. | |
| 999 |
_c12141 _d12141 |
||
| 260 |
_aMiami : Art Vision Gallery _c2007 |
||